Counties of Ireland - Statistics

General Stats
  • This quiz has been taken 146 times
  • The average score is 16 of 26
Answers on the Map
Answers color-coded by a green-red scale on the quiz's map according to % correct below.
 
Answer Stats
Counties % Correct
Cork
96%
Dublin
95%
Galway
85%
Limerick
77%
Waterford
77%
Donegal
73%
Mayo
70%
Wexford
70%
Kerry
65%
Meath
64%
Sligo
64%
Clare
63%
Kilkenny
62%
Louth
58%
Westmeath
58%
Kildare
56%
Tipperary
56%
Laois
53%
Wicklow
53%
Roscommon
52%
Monaghan
51%
Cavan
49%
Carlow
48%
Leitrum
48%
Longford
46%
Offaly
43%
No matching quizzes found
Score Distribution
Percent of People with Each Score
Percentile by Number Answered
Your Score History
You have not taken this quiz